Sahne korkusu / (Record no. 23511)

MARC details
000 -BAŞLIK
Sabit Uzunluktaki Kontrol Alanı 00688nam a22002177a 4500
003 - KONTROL NUMARASI KİMLİĞİ
Kontrol Alanı koha_MIRAKIL
005 - EN SON İŞLEM TARİHİ ve ZAMANI
Kontrol Alanı 20260417120011.0
008 - SABİT UZUNLUKTAKİ VERİ ÖGELERİ - GENEL BİLGİ
Sabit Alan 260417b tur||||| |||| 00| 0 tur d
020 ## - ISBN - ULUSLARARASI STANDART KİTAP NUMARASI
Isbn 9789758142378
040 ## - KATALOGLAMA KAYNAĞI
Özgün Kataloglama Kurumu TR-IsEVY
Kataloglama Dili tur
Çeviri Kurumu TR-IsEVY
082 ## - DEWEY ONU SINIFLAMA SİSTEMİ
Sınıflama Numarası FIC DEL/S
100 ## - KİŞİ ADI
Yazar Adı (Kişi adı) Delton, Judy
245 #0 - ESER ADI BİLDİRİMİ
Başlık Sahne korkusu /
Sorumluluk Bildirimi Judy Delton ; resimleyen Alan Tiegreen.
250 ## - BASIM BİLDİRİMİ
Basım Bildirimi 12. bs.
260 ## - YAYIN, DAĞITIM, VB.
Yayın Yeri İstanbul :
Yayınevi Günışığı Kitaplığı,
Yayın Tarihi 2025.
300 ## - FİZİKSEL TANIMLAMA
Sayfa, Cilt vb. 95 s. :
Diğer fiziki detaylar resimli ;
Boyutları 19 cm.
490 0# - DİZİ BİLDİRİMİ
Dizi Bildirimi Minik İzciler.
650 ## - KONU BAŞLIĞI EK GİRİŞ - KONU TERİMİ
Konusal terim veya coğrafi ad Çocuk Edebiyatı.
Alt başlık biçimi Çocuk Hikayeleri.
-- Yetenekler.
-- Sorumluluklar.
-- Başarı.
700 1# - EK GİRİŞ - KİŞİ ADI
Yazar Adı (Kişi adı) Tiegreen, Alan.
Ünvan resimleyen.
942 ## - EK GİRİŞ ÖGELERİ (KOHA)
Source of classification or shelving scheme Dewey Decimal Classification
Koha item type Kitap
Holdings
Kayıp Durumu Sınıflandırma Kaynağı Hasarlı Durumu Koleksiyon Kodu Kalıcı Konum Mevcut Konum Kayıt Tarih Edinim Kaynağı Toplam Ödünçverme Yer Numarası Demirbaş Numarası Son Görülme Tarihi Fatura Tarihi Materyal Türü
  Dewey Decimal Classification   İlkokul İLKOKUL KÜTÜPHANESİ İLKOKUL KÜTÜPHANESİ 17/04/2026 Bağış   FIC DEL/S 25122 17/04/2026 17/04/2026 Kitap